Hauptstädte, die mit H Beginnen - Statistiken

Allgemein
  • Dieses Quiz wurde 149 mal gespielt
  • Das Durchschnittsergebnis liegt bei 4 aus 5
Antwortstatistiken
Kontinent Hauptstadt % Korrekt
Europa Helsinki
94%
Asien Hanoi
86%
Nordamerika Havanna
85%
Afrika Harare
67%
Ozeanien Honiara
58%
Keine übereinstimmenden Quizze gefunden
Verteilung der Resultate
Anzahl Personen mit jedem Resultat
Perzentil nach korrekt beantworteten Fragen
Ihre Resultats-Entwicklung
Sie haben dieses Quiz noch nicht gespielt